[Event "Irkutsk City-ch"]
[Site "Irkutsk"]
[Date "2008.01.??"]
[Round "2"]
[White "Kiselev, Sergey"]
[Black "Shelk, Alexander"]
[Result "1/2-1/2"]
[WhiteElo "2434"]
[BlackElo "2360"]
[PlyCount "123"]
[EventDate "2008.01.??"]
[EventType "tourn"]
[EventRounds "9"]
[EventCountry "RUS"]
[SourceTitle "EXT 2010"]
[Source "ChessBase"]
[SourceDate "2010.11.25"]
[SourceVersion "1"]
[SourceVersionDate "2010.11.25"]
[SourceQuality "1"]

1. e4 e5 2. Nc3 Nf6 3. f4 d5 4. fxe5 Nxe4 5. Nf3 Be7 6. d3 Nxc3 7. bxc3 0-0 8. Be2 Bh4+ 9. g3 Be7 10. 0-0 Nc6 11. d4 Na5 12. Be3 Be6 13. Rb1 b6 14. Bd3 Nc4 15. Qe2 Nxe3 16. Qxe3 c6 17. h4 h6 18. Nh2 Qd7 19. Rf4 f5 20. exf6 Rxf6 21. Rbf1 Rxf4 22. Rxf4 Bd6 23. Rf2 Re8 24. Bg6 Bf7 25. Rxf7 Rxe3 26. Rxd7 Rxg3+ 27. Kf2 Rxg6 28. Nf3 Bg3+ 29. Kf1 a5 30. a4 Re6 31. Rb7 Re3 32. Kg2 Bf4 33. Rxb6 Rxc3 34. h5 Rxc2+ 35. Kh3 Kf7 36. Kg4 Bd6 37. Kf5 Rf2 38. Rb7+ Kf8 39. Kg4 Re2 40. Kf5 Re7 41. Rb3 Kf7 42. Nh4 c5 43. Ng6 Rc7 44. dxc5 Rxc5 45. Rb7+ Bc7 46. Nf4 Ke7 47. Nd3 Rc3 48. Nf4 Kd6 49. Rb5 Rc5 50. Rxc5 Kxc5 51. Ne6+ Kd6 52. Nxg7 Bb6 53. Kf4 Bd4 54. Nf5+ Kc5 55. Nxh6 Kb4 56. Nf5 Bb2 57. Ne7 d4 58. Ke4 Kc4 59. Nc6 d3 60. Nxa5+ Kc3 61. Nb3 Kxb3 62. Kxd3 1/2-1/2

[Event "RUS-Cup 300 years"]
[Site "St Petersburg"]
[Date "2003.10.18"]
[Round "1"]
[White "Kiselev, Sergey"]
[Black "Najer, Evgeniy"]
[Result "0-1"]
[WhiteElo "2415"]
[BlackElo "2608"]
[PlyCount "76"]
[EventDate "2003.10.18"]
[EventType "swiss"]
[EventRounds "9"]
[EventCountry "RUS"]
[SourceTitle "EXT 2004"]
[Source "ChessBase"]
[SourceDate "2003.11.25"]
[SourceVersion "1"]
[SourceVersionDate "2003.11.25"]
[SourceQuality "1"]

1. d4 d5 2. c4 c6 3. Nc3 e6 4. e3 Nf6 5. Nf3 a6 6. Qc2 c5 7. cxd5 exd5 8. Be2 cxd4 9. exd4 Nc6 10. Bg5 Be7 11. Rd1 h6 12. Bh4 Nh5 13. Bxe7 Nxe7 14. Ne5 Nf4 15. 0-0 0-0 16. Bf3 Qd6 17. Qb3 Bf5 18. Rfe1 b5 19. Ne2 Ne6 20. Nc3 Rfd8 21. Bh5 g6 22. Bf3 h5 23. Ne2 Rac8 24. Rd2 Kg7 25. h3 f6 26. Nd3 Be4 27. Nc5 Bxf3 28. Nb7 Qd7 29. Nxd8 Ng5 30. Nf4 Rxd8 31. gxf3 Nf5 32. Rde2 Kh6 33. Ne6 Nxf3+ 34. Kg2 Ng5 35. f4 Nxe6 36. Rxe6 Nxd4 37. Qe3 Nxe6 38. f5+ Ng5 0-1

[Event "St Petersburg-Moscow"]
[Site "St Petersburg"]
[Date "2003.05.03"]
[Round "1"]
[White "Kiselev, Sergey"]
[Black "Turikov, Viktor"]
[Result "1/2-1/2"]
[WhiteElo "2421"]
[BlackElo "2370"]
[PlyCount "56"]
[EventDate "2003.05.03"]
[EventType "team-tourn"]
[EventRounds "2"]
[EventCountry "RUS"]
[SourceTitle "CBM 095"]
[Source "ChessBase"]
[SourceDate "2003.07.25"]
[SourceVersion "1"]
[SourceVersionDate "2003.07.25"]
[SourceQuality "1"]

1. d4 b6 2. e4 Bb7 3. Bd3 e6 4. Nf3 c5 5. dxc5 Bxc5 6. 0-0 Ne7 7. Bf4 Ng6 8. Bg3 Nc6 9. Nc3 a6 10. Qd2 Nd4 11. Nxd4 Bxd4 12. Be2 Bc5 13. Na4 Be7 14. Qe3 Rc8 15. c4 Rc6 16. Rad1 0-0 17. b3 e5 18. Bh5 b5 19. Bxg6 hxg6 20. Nc3 bxc4 21. Bxe5 cxb3 22. axb3 Bf6 23. Bxf6 Rxf6 24. Rd4 Re6 25. Qd3 Bc6 26. Ra1 a5 27. h3 Qg5 28. Qd2 Qxd2 1/2-1/2

[Event "Kaluga Tsiolkovsky Memorial op"]
[Site "Kaluga"]
[Date "2003.??.??"]
[Round "7"]
[White "Kiselev, Sergey"]
[Black "Shaposhnikov, Evgeny"]
[Result "1/2-1/2"]
[WhiteElo "2423"]
[BlackElo "2543"]
[PlyCount "53"]
[EventDate "2003.??.??"]
[EventType "swiss"]
[EventRounds "9"]
[EventCountry "RUS"]
[SourceTitle "EXT 2005"]
[Source "ChessBase"]
[SourceDate "2004.11.15"]
[SourceVersion "1"]
[SourceVersionDate "2004.11.15"]
[SourceQuality "1"]

1. d4 Nf6 2. c4 e6 3. Nc3 Bb4 4. Qc2 c5 5. dxc5 Bxc5 6. Nf3 b6 7. Bf4 Bb7 8. e4 Nh5 9. Bg5 Be7 10. Qd2 Nc6 11. Rd1 Bxg5 12. Nxg5 Nf6 13. Nb5 0-0 14. Nd6 Qc7 15. f4 e5 16. Be2 h6 17. Nf3 exf4 18. e5 Ne8 19. Nxb7 Qxb7 20. Qxf4 Nc7 21. 0-0 Ne6 22. Qe4 Rfe8 23. Bd3 Nf8 24. Qf4 Re7 25. Be4 Qc7 26. Bd5 Rae8 27. Qf5 1/2-1/2

[Event "Kaluga Tsiolkovsky Memorial op"]
[Site "Kaluga"]
[Date "2003.??.??"]
[Round "6"]
[White "Kostin, Sergei Anatolievich"]
[Black "Kiselev, Sergey"]
[Result "0-1"]
[WhiteElo "2303"]
[BlackElo "2423"]
[PlyCount "116"]
[EventDate "2003.??.??"]
[EventType "swiss"]
[EventRounds "9"]
[EventCountry "RUS"]
[SourceTitle "EXT 2005"]
[Source "ChessBase"]
[SourceDate "2004.11.15"]
[SourceVersion "1"]
[SourceVersionDate "2004.11.15"]
[SourceQuality "1"]

1. d4 Nf6 2. c4 e6 3. Nc3 Bb4 4. e3 0-0 5. Bd3 c5 6. Nge2 cxd4 7. exd4 d5 8. cxd5 Nxd5 9. 0-0 Nf6 10. Bc2 Nbd7 11. Bf4 Nb6 12. Qd3 Be7 13. Be5 g6 14. Rad1 Bd7 15. Nf4 Bc6 16. Qg3 Nbd5 17. Ncxd5 Bxd5 18. Bxg6 fxg6 19. Nxg6 Kf7 20. Nxf8 Qxf8 21. Qf4 Qg7 22. f3 Rg8 23. Rf2 Qg5 24. Qxg5 Rxg5 25. Rc1 Bc6 26. h4 Rg8 27. Kh2 Nd5 28. Kh3 Nb4 29. Rd2 Nxa2 30. Ra1 Bd5 31. g4 a6 32. Rc2 Bd8 33. Bd6 a5 34. f4 Bb6 35. Be5 Nb4 36. Rc3 Nc6 37. Rd1 h6 38. g5 h5 39. Kg3 Kg6 40. Rd2 a4 41. Rd1 Rd8 42. Bf6 Rd7 43. Re3 Kf5 44. Ree1 Bb3 45. Rd3 Rd5 46. Bh8 Rb5 47. Rde3 Bd5 48. Re5+ Nxe5 49. Rxe5+ Kg6 50. f5+ exf5 51. Re7 Bf7 52. Rxb7 Rb3+ 53. Kf4 Ba5 54. Ra7 Bd2+ 55. Ke5 Re3+ 56. Kd6 f4 57. Rxa4 f3 58. Ra2 Re1 0-1

[Event "Chigorin Memorial-A 10th"]
[Site "St Petersburg"]
[Date "2002.11.02"]
[Round "8"]
[White "Bryzgalin, Kirill"]
[Black "Kiselev, Sergey"]
[Result "1/2-1/2"]
[WhiteElo "2439"]
[BlackElo "2432"]
[PlyCount "49"]
[EventDate "2002.10.25"]
[EventType "swiss"]
[EventRounds "9"]
[EventCountry "RUS"]
[SourceTitle "EXT 2003"]
[Source "ChessBase"]
[SourceDate "2002.11.25"]
[SourceVersion "1"]
[SourceVersionDate "2002.11.25"]
[SourceQuality "1"]

1. e4 c5 2. Nf3 d6 3. d4 cxd4 4. Nxd4 Nf6 5. f3 Nc6 6. c4 e6 7. Nc3 Be7 8. Be3 0-0 9. Be2 d5 10. Nxc6 bxc6 11. cxd5 cxd5 12. exd5 Qa5 13. dxe6 Bxe6 14. 0-0 Rfd8 15. Qa4 Qxa4 16. Nxa4 Nd5 17. Bc5 Bf6 18. Rfd1 Nf4 19. Rxd8+ Rxd8 20. Bf1 g5 21. Be3 Rb8 22. a3 Bb3 23. Nc3 Bc2 24. Ra2 Bb3 25. Ra1 1/2-1/2

[Event "Tula Suetin Memorial op"]
[Site "Tula"]
[Date "2002.03.30"]
[Round "8"]
[White "Kiselev, Sergey"]
[Black "Iljushin, Alexei"]
[Result "1/2-1/2"]
[WhiteElo "2437"]
[BlackElo "2523"]
[PlyCount "36"]
[EventDate "2002.03.23"]
[EventType "swiss"]
[EventRounds "9"]
[EventCountry "RUS"]
[SourceTitle "CBM 087 Extra"]
[Source "ChessBase"]
[SourceDate "2002.05.03"]
[SourceVersion "2"]
[SourceVersionDate "2002.08.09"]
[SourceQuality "1"]

1. d4 e6 2. c4 f5 3. g3 Nf6 4. Bg2 c6 5. Nf3 d5 6. 0-0 Bd6 7. Qc2 0-0 8. Ne5 b6 9. Bf4 Bb7 10. Rd1 Qe7 11. Nd3 Nbd7 12. Nd2 Ne4 13. Bxd6 Nxd6 14. Rac1 Rac8 15. Qb3 Rfe8 16. Qa3 a5 17. e3 Ba6 18. b3 Bb7 1/2-1/2

[Event "Moscow-ch 1/2 final"]
[Site "Moscow"]
[Date "2002.??.??"]
[Round "3"]
[White "Kireev, Aleksei"]
[Black "Kiselev, Sergey"]
[Result "1/2-1/2"]
[WhiteElo "2262"]
[BlackElo "2454"]
[PlyCount "37"]
[EventDate "2002.03.??"]
[EventType "swiss"]
[EventRounds "11"]
[EventCountry "RUS"]
[SourceTitle "EXT 2003"]
[Source "ChessBase"]
[SourceDate "2002.11.25"]
[SourceVersion "1"]
[SourceVersionDate "2002.11.25"]
[SourceQuality "1"]

1. g3 Nf6 2. Bg2 d5 3. d3 c6 4. e4 dxe4 5. dxe4 Qxd1+ 6. Kxd1 e5 7. f3 Be6 8. Be3 a5 9. a4 Na6 10. Nd2 Bc5 11. Bxc5 Nxc5 12. Bh3 Ke7 13. Bxe6 Nxe6 14. c3 h5 15. h4 Nd7 16. Nc4 f6 17. Kc2 Ndc5 18. Nh3 Kd8 19. Rhd1+ 1/2-1/2

[Event "Tula Suetin Memorial op"]
[Site "Tula"]
[Date "2002.??.??"]
[Round "2"]
[White "Saulin, Dmitri"]
[Black "Kiselev, Sergey"]
[Result "1/2-1/2"]
[WhiteElo "2450"]
[BlackElo "2437"]
[PlyCount "30"]
[EventDate "2002.03.23"]
[EventType "swiss"]
[EventRounds "9"]
[EventCountry "RUS"]
[SourceTitle "CBM 087 Extra"]
[Source "ChessBase"]
[SourceDate "2002.05.03"]
[SourceVersion "2"]
[SourceVersionDate "2002.08.09"]
[SourceQuality "1"]

1. d4 Nf6 2. c4 g6 3. Nc3 d5 4. cxd5 Nxd5 5. e4 Nxc3 6. bxc3 Bg7 7. Nf3 c5 8. Be2 Nc6 9. d5 Bxc3+ 10. Bd2 Bxa1 11. Qxa1 Nd4 12. Nxd4 cxd4 13. Qxd4 0-0 14. Bh6 Qa5+ 15. Bd2 Qd8 1/2-1/2

[Event "Tula Suetin Memorial op"]
[Site "Tula"]
[Date "2002.??.??"]
[Round "9"]
[White "Trushelyov, Victor"]
[Black "Kiselev, Sergey"]
[Result "0-1"]
[WhiteElo "2394"]
[BlackElo "2517"]
[PlyCount "118"]
[EventDate "2002.03.23"]
[EventType "swiss"]
[EventRounds "9"]
[EventCountry "RUS"]
[SourceTitle "CBM 087 Extra"]
[Source "ChessBase"]
[SourceDate "2002.05.03"]
[SourceVersion "2"]
[SourceVersionDate "2002.08.09"]
[SourceQuality "1"]

1. e4 e6 2. d4 d5 3. exd5 exd5 4. Bd3 c5 5. Nf3 Nc6 6. 0-0 cxd4 7. Nbd2 Bc5 8. Nb3 Bb6 9. Bb5 Nge7 10. Nbxd4 0-0 11. Be3 Bg4 12. Qd2 Re8 13. c3 Bc7 14. Rfe1 Qd6 15. g3 Qg6 16. Bf4 Bb6 17. Ne5 Qh5 18. Nexc6 Nxc6 19. Nxc6 bxc6 20. Bxc6 Rxe1+ 21. Rxe1 Rd8 22. Qxd5 Qxd5 23. Bxd5 g5 24. Bxf7+ Kxf7 25. Bxg5 Rd3 26. Kg2 Bf3+ 27. Kg1 Kg6 28. Bf4 Kf5 29. h3 h5 30. Re5+ Kf6 31. Re1 Bd5 32. Be3 Bxe3 33. fxe3 Bxa2 34. Ra1 Bd5 35. Rxa7 Rxe3 36. Ra6+ Ke5 37. Rg6 Kf5 38. Rg7 Kf6 39. Rd7 Rxg3+ 40. Kf2 Rg2+ 41. Kf1 Be6 42. Rh7 Rg5 43. h4 Rf5+ 44. Ke2 Bf7 45. Rh6+ Bg6 46. Rh8 Rf4 47. b4 Rxh4 48. b5 Rh2+ 49. Ke3 Rb2 50. c4 Ke5 51. Rh6 Rb3+ 52. Kd2 Kf6 53. Rh8 Kg7 54. Rd8 h4 55. Rd4 h3 56. Rh4 Bf5 57. Ke2 Kg6 58. Kf2 Kg5 59. Rh8 Kf4 0-1